BLUE - Billie Eilish (All Lyrics) - Statistics

General Stats
  • This quiz has been taken 124 times
  • The average score is 242 of 283
Answer Stats
Lyrics % Correct
blue
100%
blue,
100%
I
100%
a
99%
A
99%
and
97%
And
97%
I'm
97%
so
97%
to
97%
try
97%
but
96%
But
96%
(But
96%
in
96%
In
96%
you
96%
You
96%
you)
96%
live
95%
of
95%
the
95%
black
93%
me
93%
still
93%
white,
93%
over
92%
we
92%
were
92%
bird
91%
feather,
91%
true
91%
true,
91%
not
89%
Birds
88%
it
88%
when
88%
say
87%
thought
87%
don't
85%
Don't
85%
(Don't
85%
for
85%
door
84%
lie,
84%
my
84%
Open
84%
same
84%
back
83%
born
83%
Born
83%
now
83%
now,
83%
your
83%
cage,
81%
can
81%
can't
81%
father's
81%
He
81%
mean
81%
Mean
81%
up
81%
what
81%
mother's
80%
told
80%
oxygen
79%
tryin'
79%
world
79%
best,
77%
blame
77%
deprived
77%
hear
77%
mind,
77%
never
77%
save
77%
that's
77%
what's
77%
hate
76%
know
76%
rule
76%
than
76%
bluer
75%
butterfly
75%
I'd
75%
learned
75%
made
75%
plans
75%
reachin'
75%
store
75%
hands
73%
Victim
73%
anyone
72%
could
72%
with
72%
Beautiful
71%
one
71%
one?
71%
petrified
71%
'bout
69%
change
69%
eyes
69%
like
69%
ashamed
68%
you've
68%
heard
67%
overseas
67%
Paranoid
67%
week
67%
Colder
65%
outside
65%
step
65%
Too
65%
too
65%
afraid
64%
amour
63%
hours
63%
mon
63%
sleep
63%
sympathize
63%
three
63%
need
61%
they
61%
twenty-
61%
baby
60%
each
60%
night
60%
Just
57%
next
52%
only
51%
famous
43%
grew
41%
blameless,
40%
désolée,
35%
No matching quizzes found
Score Distribution
Percent of People with Each Score
Percentile by Number Answered
Your Score History
You have not taken this quiz